000 00294nam a22001337a 4500
008 181107b xxu||||| |||| 00| 0 eng d
020 _a9780534272364
041 _aeng
080 _24th
_a159.9
100 _a49
101 _aPSI
245 _aAt risk youth
_cMcWhirter, J.J
942 _2udc
_cBK
999 _c52143
_d52143